| 000 | 00381nam a2200145Ia 4500 | ||
|---|---|---|---|
| 008 | 211109s9999||||xx |||||||||||||| ||und|| | ||
| 082 |
_a338.542 _bBAT-G |
||
| 100 | _aBatra, Ravi | ||
| 245 | 0 | _aGreat Depression of 1990 | |
| 260 |
_bDell _aCanada _c2000 |
||
| 300 | _a274p. | ||
| 630 | _xReference Reading Room | ||
| 650 |
_aSocial Sciences _vBusiness Cycles _xEconomics |
||
| 942 | _cBOOK | ||
| 999 |
_c131 _d131 |
||